Spanish cities quiz - Statistics

General Stats
  • This quiz has been taken 29 times
  • The average score is 9 of 15
Answer Stats
Hint City % Correct
3rd largest city in Spain Valencia
96%
Its main football teams are Real and Atletico Madrid
89%
Largest metropolis on the Meditarranean Barcelona
79%
Largest city in the Basque Country Bilbao
79%
Contains the Alhambra palace Granada
75%
Capital of Mallorca Palma de Mallorca
64%
Was the capital of the Islamic Emirate in Spain Cordoba
61%
Main city on the Costa Del Sol Malaga
57%
Where the Alcazar Palace is located Seville
54%
Capital of Aragon Zaragoza
50%
Largest city on Tenerife Las Palmas
46%
First capital of Spain Toledo
46%
Its nearest larger city is Porto Vigo
43%
Located on the Segura River Murcia
29%
Has the highest amount of high rise buildings per capita in the world Benidorm
21%
No matching quizzes found
Score Distribution
Percent of People with Each Score
Percentile by Number Answered
Your Score History
You have not taken this quiz